[Event "Moscow RUS"]
[Site "Moscow RUS"]
[Date "1972.??.??"]
[Round "?"]
[White "Bronstein, David I"]
[Black "Petrosian, Tigran V"]
[Result "1/2-1/2"]
[WhiteElo "2585"]
[BlackElo "2645"]
[PlyCount "81"]
[EventDate "1972.??.??"]
[Source "www.chesslib.no"]
[SourceDate "2004.05.04"]

1. e4 e6 2. d3 c5 3. Nf3 Nc6 4. g3 d5 5. Qe2 Nge7 6. Bg2 g6 7. O-O Bg7 8. e5 h6 9. c3 g5 10. h3 Bd7 11. Na3 a6 12. d4 cxd4 13. cxd4 Qb6 14. Rd1 O-O-O 15. b3 Ng6 16. Nc2 Bf8 17. Bd2 Kb8 18. Rdc1 Rc8 19. Qe1 Be7 20. Rab1 f5 21. exf6 Bxf6 22. a4 Rhe8 23. Be3 Qd8 24. Qd2 Nge7 25. b4 Na7 26. b5 axb5 27. Ne5 Nf5 28. axb5 Bxb5 29. Ra1 Re7 30. Rcb1 Nd6 31. Nb4 Bc4 32. Qb2 Ndb5 33. Nbd3 Bxd3 34. Nxd3 Rec7 35. Qa2 Rc2 36. Qa4 R8c4 37. Nb4 Be7 38. Bf1 Qd6 39. Qxc2 Rxc2 40. Nxc2 Qd7 41. Rb3 1/2-1/2

[Event "Samara 73/309"]
[Site "?"]
[Date "1998.??.??"]
[Round "?"]
[White "Morozevich, Alexander"]
[Black "Volkov, Sergey"]
[Result "1-0"]
[WhiteElo "2625"]
[BlackElo "2605"]
[PlyCount "99"]
[EventDate "1998.??.??"]
[Source "ChessBase"]
[SourceDate "1998.06.01"]

1. e4 e6 2. d3 d5 3. Qe2 dxe4 4. dxe4 b6 5. Nf3 Ba6 6. Qd2 Qxd2+ 7. Bxd2 Nf6 8. Nc3 Bxf1 9. Rxf1 Nc6 10. O-O-O Bd6 11. Rde1 Ng4 12. Nb5 O-O-O 13. Nxd6+ cxd6 14. Ng5 Rd7 15. f3 Nge5 16. Bc3 h6 17. Nh3 Re8 18. Nf4 d5 19. exd5 exd5 20. Nh5 d4 21. Bd2 Rg8 22. b3 f5 23. h3 Rf7 24. Bf4 Ng6 25. Re6 Nxf4 26. Nxf4 Kb7 27. Rfe1 Rc8 28. Nd3 Rcc7 29. Kd2 Rf8 30. h4 Rfc8 31. Re8 Rxe8 32. Rxe8 Rc8 33. Re6 Rc7 34. a3 Ne7 35. Rd6 Nc6 36. Nf4 Rf7 37. Ng6 Rc7 38. h5 a5 39. Rd5 Rf7 40. Nh4 f4 41. Rf5 Rd7 42. Rxf4 d3 43. cxd3 Nd4 44. b4 a4 45. Ng6 Rd5 46. Rf7+ Ka6 47. Nf4 Rd6 48. Rxg7 Rc6 49. Nd5 Rc2+ 50. Kd1 1-0

[Event "European Ch Playoff, 1st Round"]
[Site "playchess.com"]
[Date "2003.11.08"]
[Round "1.1"]
[White "Abrau"]
[Black "flibi"]
[Result "1-0"]
[WhiteElo "2707"]
[BlackElo "2522"]
[PlyCount "89"]
[EventDate "2003.11.08"]
[Source "Roberto Alvarez"]
[SourceDate "2003.11.10"]

1. e4 e6 2. d3 d5 3. Nd2 Nf6 4. Ngf3 b6 5. c3 Bb7 6. Qc2 c5 7. Be2 Nc6 8. O-O Qc7 9. Re1 Be7 10. Bf1 O-O 11. a3 a5 12. a4 Ba6 13. Nb1 Rfd8 14. Na3 Rac8 15. Nb5 Qb8 16. Bg5 h6 17. Bh4 e5 18. Rad1 d4 19. Nd2 g5 20. Bg3 Nh5 21. Nc4 f6 22. Be2 Nf4 23. Bg4 Bxb5 24. axb5 Na7 25. Bxc8 Rxc8 26. Qb3 Kg7 27. Bxf4 gxf4 28. Rc1 Rc7 29. cxd4 cxd4 30. Na3 Bc5 31. Qe6 Re7 32. Qg4+ Kh8 33. Qh5 Qf8 34. Nc4 Nxb5 35. Nxa5 Rc7 36. Nb3 Qg7 37. Qe8+ Kh7 38. Qxb5 f3 39. g3 Qg4 40. Kh1 Qh3 41. Rg1 Rg7 42. Nxc5 f5 43. Ne6 Re7 44. Qxe5 fxe4 45. Qxe4+ 1-0

[Event "BR izt"]
[Site "?"]
[Date "1973.??.??"]
[Round "?"]
[White "Ljubojevic, Ljubomir"]
[Black "Portisch, Lajos"]
[Result "1/2-1/2"]
[WhiteElo "2565"]
[BlackElo "2650"]
[PlyCount "81"]
[EventDate "1973.??.??"]
[Source "www.chesslib.no"]
[SourceDate "2004.05.04"]

1. e4 e6 2. d3 d5 3. Nd2 Nf6 4. Ngf3 Nc6 5. c3 a5 6. e5 Nd7 7. d4 b6 8. h4 Be7 9. Bb5 Ncb8 10. Nf1 Ba6 11. Bxa6 Rxa6 12. Qd3 h6 13. Ng3 Nf8 14. Nh5 g6 15. Nf4 Qd7 16. h5 g5 17. Ne2 c5 18. Nh2 c4 19. Qc2 Kd8 20. Ng4 Qe8 21. a4 Ra7 22. Rb1 Rc7 23. f4 Nbd7 24. f5 f6 25. fxe6 Nxe6 26. Ne3 fxe5 27. Nxd5 exd4 28. Nxc7 Nxc7 29. cxd4 Qf7 30. b3 Rf8 31. bxc4 Qf2+ 32. Kd1 Qxg2 33. Re1 Na6 34. Rb3 Nb4 35. Qg6 Rf6 36. Qg8+ Kc7 37. Re3 Bd6 38. Bd2 Bf4 39. Nxf4 Rxf4 40. R3e2 Qf3 41. Bxf4+ 1/2-1/2

[Event "Montreal"]
[Site "?"]
[Date "1979.??.??"]
[Round "?"]
[White "Ljubojevic, Ljubomir"]
[Black "Larsen, Bent"]
[Result "1/2-1/2"]
[WhiteElo "2590"]
[BlackElo "2620"]
[PlyCount "23"]
[EventDate "1979.??.??"]
[Source "www.chesslib.no"]
[SourceDate "2004.05.04"]

1. e4 e6 2. d3 b5 3. d4 Bb7 4. Nd2 Nf6 5. e5 Nd5 6. Ngf3 a6 7. Nb3 Nc6 8. c3 Nb6 9. Bd3 Be7 10. Qe2 d6 11. O-O dxe5 12. Nxe5 1/2-1/2

[Event "Nice ol (Men)"]
[Site "Nice FRA"]
[Date "1974.??.??"]
[Round "12"]
[White "Ljubojevic, Ljubomir"]
[Black "Byrne, Robert E"]
[Result "0-1"]
[WhiteElo "2605"]
[BlackElo "2595"]
[PlyCount "140"]
[EventDate "1974.06.06"]
[Source "www.chesslib.no"]
[SourceDate "2004.05.04"]

1. e4 e6 2. d3 d5 3. Nd2 Nf6 4. Ngf3 b6 5. c3 Bb7 6. Qa4+ Nfd7 7. Be2 Be7 8. e5 O-O 9. Qg4 f5 10. Qg3 c5 11. Nb3 Qe8 12. h4 Nc6 13. Bf4 a5 14. Nbd2 Bd8 15. h5 Bc7 16. Rh3 Ba6 17. d4 Bxe2 18. Kxe2 b5 19. Bh6 Qe7 20. Rh4 Bb6 21. Bg5 Qe8 22. Rah1 Rc8 23. Be3 a4 24. a3 cxd4 25. cxd4 Na5 26. Ne1 Rf7 27. Qf4 Nc4 28. Nd3 Nxd2 29. Bxd2 Rc4 30. Bc3 Nc5 31. Nxc5 Bxc5 32. Qd2 Bf8 33. g4 Qc6 34. gxf5 Rxf5 35. R4h3 Qe8 36. R1h2 Qf7 37. Kf1 Be7 38. Ke1 Bg5 39. Qe2 Rf4 40. Qd3 Re4+ 41. Kf1 Qf4 42. Rh1 Qf5 43. Qf3 Rf4 44. Qe2 Rc8 45. R1h2 Rf8 46. Kg1 Rg4+ 47. Kf1 Qb1+ 48. Qe1 Qc2 49. Rg2 Re4 50. Rxg5 Rxe1+ 51. Bxe1 Rxf2+ 52. Bxf2 Qc1+ 53. Be1 Qxg5 54. h6 Qf5+ 55. Kg2 Qe4+ 56. Kf1 Qxd4 57. hxg7 Kxg7 58. Rg3+ Kf7 59. Rf3+ Ke8 60. Bc3 Qc4+ 61. Kf2 Qc5+ 62. Ke2 d4 63. Bb4 Qxe5+ 64. Kd3 h5 65. Rf8+ Kd7 66. Bd2 Qg3+ 67. Ke4 Qg6+ 68. Ke5 Qg7+ 69. Rf6 h4 70. Bh6 Qxf6+ 0-1

[Event "Goodricke 10th op"]
[Site "Calcutta"]
[Date "1999.02.12"]
[Round "7"]
[White "Fedorov, Alexei"]
[Black "Ulibin, Mikhail"]
[Result "1-0"]
[WhiteElo "2645"]
[BlackElo "2550"]
[PlyCount "105"]
[EventDate "1999.02.06"]
[Source "ChessBase"]
[SourceDate "1999.05.10"]

1. e4 e6 2. d3 d5 3. Qe2 dxe4 4. dxe4 b6 5. c3 Ba6 6. Qc2 Bxf1 7. Kxf1 Nd7 8. Nf3 Nc5 9. b4 Qd3+ 10. Qxd3 Nxd3 11. Be3 Nf6 12. Ke2 Nb2 13. Nbd2 Na4 14. Rhc1 c5 15. b5 a6 16. Rab1 axb5 17. Rxb5 Be7 18. Ne5 Nd7 19. Nxd7 Kxd7 20. f4 Kc6 21. c4 f5 22. Rb3 h6 23. h3 h5 24. g3 Bf6 25. e5 Be7 26. Rg1 g6 27. Rg2 Rab8 28. g4 fxg4 29. hxg4 h4 30. Rg1 b5 31. Ra3 h3 32. Rh1 Ra8 33. cxb5+ Kxb5 34. Rb3+ Kc6 35. Nc4 Kd5 36. Kd3 Rab8 37. Bd2 h2 38. Ne3+ Kc6 39. Rxb8 Rxb8 40. Rxh2 Rb2 41. Rh6 Kb5 42. Nc4 Rxa2 43. Rxg6 Nb2+ 44. Nxb2 Rxb2 45. Rxe6 c4+ 46. Kc3 Ba3 47. Re8 Rb3+ 48. Kc2 Rb2+ 49. Kd1 Rb1+ 50. Ke2 Rg1 51. Ra8 Be7 52. f5 Rxg4 53. f6 1-0

[Event "Extraliga 2004/05"]
[Site "?"]
[Date "2005.04.16"]
[Round "10"]
[White "Jakubiec Artur"]
[Black "Navara David"]
[Result "0-1"]
[WhiteElo "2529"]
[BlackElo "2647"]
[PlyCount "66"]
[EventDate "2005.??.??"]
[Source "www.chesslib.no"]
[SourceDate "2004.05.04"]

1. e4 e6 2. d3 d5 3. Nd2 Nf6 4. Ngf3 c5 5. Be2 Nc6 6. O-O Be7 7. c3 O-O 8. Re1 b5 9. Nf1 b4 10. Ng3 bxc3 11. bxc3 Ba6 12. e5 Nd7 13. Bf1 Rb8 14. Qa4 Qa5 15. Qg4 Ncxe5 16. Rxe5 Nf6 17. Qh4 Qxc3 18. Bf4 Qxa1 19. Rg5 Rb4 20. Rxg7+ Kh8 21. d4 Bxf1 22. Nxf1 Rb1 23. N3d2 Qxd4 24. Qh6 Rb4 25. g3 Rg8 26. Nf3 Qxf4 27. gxf4 Rxg7+ 28. Ng3 Ng4 29. Qh5 Rxf4 30. Kg2 Rf6 31. Qh4 c4 32. Nh5 Ne5+ 33. Nxg7 Rg6+ 0-1

[Event "World op 30th"]
[Site "Philadelphia"]
[Date "2002.07.06"]
[Round "8"]
[White "Stripunsky, Alexander"]
[Black "Jussupow, Artur"]
[Result "0-1"]
[WhiteElo "2554"]
[BlackElo "2618"]
[PlyCount "62"]
[EventDate "2002.06.29"]
[Source "ChessBase"]
[SourceDate "2002.09.11"]

1. e4 e6 2. d3 d5 3. Qe2 Nf6 4. Nf3 Be7 5. g3 c5 6. Bg2 Nc6 7. O-O O-O 8. e5 Nd7 9. c4 Nb6 10. Re1 a5 11. h4 a4 12. Bf4 Bd7 13. Nbd2 Nb4 14. Nf1 a3 15. b3 dxc4 16. dxc4 Bc6 17. Rad1 Qc7 18. N1h2 Rfd8 19. Ng4 Rxd1 20. Rxd1 Rd8 21. Nf6+ gxf6 22. exf6 Rxd1+ 23. Kh2 Rd6 24. fxe7 Qxe7 25. Bxd6 Qxd6 26. Ng5 h6 27. Qh5 hxg5 28. Qxg5+ Kf8 29. h5 Bxg2 30. Kxg2 Nc6 31. h6 Qe5 0-1

[Event "EU-ch 3rd"]
[Site "Batumi"]
[Date "2002.06.22"]
[Round "10"]
[White "Fedorov, Alexei"]
[Black "Socko, Bartosz"]
[Result "1/2-1/2"]
[WhiteElo "2598"]
[BlackElo "2564"]
[PlyCount "90"]
[EventDate "2002.06.12"]
[Source "ChessBase"]
[SourceDate "2002.09.20"]

1. e4 e6 2. d3 d5 3. Qe2 dxe4 4. dxe4 e5 5. Nf3 Nc6 6. c3 Nf6 7. Qc2 Bd6 8. Nbd2 O-O 9. Be2 Re8 10. O-O Nh5 11. g3 Bh3 12. Re1 Qf6 13. Nc4 Nf4 14. Bxf4 exf4 15. Rad1 Bf8 16. e5 Qh6 17. Bd3 Bg4 18. Be4 b5 19. Nd6 fxg3 20. hxg3 cxd6 21. Bxc6 Rac8 22. Rd4 Rxc6 23. Rxg4 dxe5 24. Rxe5 Rb8 25. Nd4 Ra6 26. a3 Qd6 27. Rxb5 Rxb5 28. Nxb5 Qd7 29. Rh4 Rg6 30. Nd4 a5 31. Nf3 Qd6 32. Rd4 Qc7 33. Qd3 h6 34. Rd7 Qb6 35. Ne5 Rf6 36. Ng4 Re6 37. Qf3 Re1+ 38. Kg2 Qe6 39. Rd8 Rb1 40. Qa8 Qxg4 41. Rxf8+ Kh7 42. Rxf7 Qd1 43. Qe4+ Kg8 44. Qe8+ Kh7 45. Qe4+ Kg8 1/2-1/2

[Event "Lone Pine op"]
[Site "Lone Pine"]
[Date "1978.??.??"]
[Round "6"]
[White "Lein, Anatoly"]
[Black "Portisch, Lajos"]
[Result "1/2-1/2"]
[WhiteElo "2525"]
[BlackElo "2630"]
[PlyCount "33"]
[EventDate "1978.04.??"]
[Source "ChessBase"]

1. e4 e6 2. d3 d5 3. Nd2 Nf6 4. Ngf3 Nc6 5. Be2 Bd6 6. O-O O-O 7. c3 a5 8. a4 b6 9. Qc2 Ba6 10. Re1 Re8 11. Bf1 dxe4 12. dxe4 Bxf1 13. Rxf1 Ng4 14. Nc4 Nge5 15. Nfxe5 Nxe5 16. Nxe5 Bxe5 17. Rd1 1/2-1/2

[Event "Hofmann Cup"]
[Site "Baden-Baden GER"]
[Date "1995.??.??"]
[Round "5"]
[White "Gavrikov, Viktor N"]
[Black "Luther, Thomas"]
[Result "1-0"]
[WhiteElo "2600"]
[BlackElo "2550"]
[PlyCount "46"]
[EventDate "1995.??.??"]
[Source "www.chesslib.no"]
[SourceDate "2004.05.04"]

1. e4 e6 2. d3 d5 3. Nd2 c5 4. g3 Bd6 5. Bg2 Ne7 6. f4 Nbc6 7. Ngf3 O-O 8. O-O b5 9. c3 a5 10. Re1 Ba6 11. e5 Bc7 12. Nb3 Bb6 13. Be3 d4 14. cxd4 cxd4 15. Bf2 a4 16. Nbd2 Nd5 17. Nf1 Rc8 18. a3 Na5 19. Ng5 h6 20. Ne4 Nb3 21. Rb1 Rc7 22. Nd6 Ne7 23. Re2 Bc5 1-0

[Event "European Ch Playoff, Round 2"]
[Site "playchess.com"]
[Date "2003.11.08"]
[Round "1.1"]
[White "Abrau"]
[Black "MilanBj"]
[Result "1-0"]
[WhiteElo "2722"]
[BlackElo "2422"]
[PlyCount "49"]
[EventDate "2003.11.08"]
[Source "Roberto Alvarez"]
[SourceDate "2003.11.10"]

1. e4 e6 2. d3 d5 3. Nd2 b6 4. Ngf3 Nf6 5. c3 c5 6. Be2 dxe4 7. dxe4 Bb7 8. Qc2 Qc7 9. O-O Nbd7 10. Re1 Be7 11. a4 O-O 12. Bf1 Ne5 13. Nxe5 Qxe5 14. f3 Bd6 15. g3 Qh5 16. Nc4 Bc7 17. Qf2 e5 18. Ne3 Rad8 19. Nf5 Kh8 20. g4 Nxg4 21. fxg4 Qxg4+ 22. Qg3 Qxg3+ 23. Nxg3 g6 24. Bh6 Rfe8 25. Bc4 1-0

[Event "XVII Festival"]
[Site "Abu Dhabi EAU"]
[Date "2007.08.18"]
[Round "7"]
[White "Amin, B."]
[Black "Asrian, K."]
[Result "1/2-1/2"]
[WhiteElo "2535"]
[BlackElo "2608"]
[PlyCount "44"]
[EventDate "2007.08.12"]
[Source "www.chesslib.no"]
[SourceDate "2004.05.04"]

1. e4 e6 2. d3 d5 3. Nd2 Nf6 4. Ngf3 b6 5. e5 Nfd7 6. g3 c5 7. Nb3 Nc6 8. Bf4 Be7 9. h4 f6 10. exf6 Nxf6 11. d4 O-O 12. Bb5 Bd7 13. Qe2 Nxd4 14. Nbxd4 cxd4 15. Bd3 Bb4+ 16. Kf1 Qe7 17. Kg2 Bd6 18. Ne5 Be8 19. Rae1 Rc8 20. f3 Nh5 21. Rc1 Qc7 22. a3 Bxe5 1/2-1/2

[Event "World Open"]
[Site "Philadelphia USA"]
[Date "2008.07.05"]
[Round "6"]
[White "Gonzalez, Ren"]
[Black "Izoria, Z."]
[Result "1/2-1/2"]
[WhiteElo "2507"]
[BlackElo "2629"]
[PlyCount "71"]
[EventDate "2008.07.02"]
[Source "www.chesslib.no"]
[SourceDate "2004.05.04"]

1. e4 e6 2. d3 d5 3. Qe2 dxe4 4. dxe4 e5 5. Nf3 c6 6. c3 Qc7 7. Qc2 Nf6 8. Bg5 Be7 9. Bc4 Nbd7 10. O-O b5 11. Be2 a6 12. a4 Bb7 13. axb5 cxb5 14. Nbd2 O-O 15. Rfe1 Bc5 16. Bd3 h6 17. Bh4 Rac8 18. Rac1 Qb6 19. Qb1 a5 20. Bg3 Nh5 21. b4 axb4 22. cxb4 Bd6 23. Rxc8 Rxc8 24. Qb2 Nxg3 25. hxg3 Nf6 26. Nf1 Qc7 27. N3d2 Ng4 28. Nh2 h5 29. Nxg4 hxg4 30. Bxb5 Qc2 31. Rb1 Bxe4 32. Bd7 Rd8 33. Bxg4 Bc7 34. Nxe4 Qxe4 35. Bf3 Qd4 36. Qxd4 1/2-1/2

[Event "Moscow-ch"]
[Site "Moscow"]
[Date "1981.??.??"]
[Round "9"]
[White "Vasiukov, Evgeni"]
[Black "Gulko, Boris F"]
[Result "0-1"]
[WhiteElo "2545"]
[BlackElo "2590"]
[PlyCount "146"]
[EventDate "1981.06.??"]
[Source "ChessBase"]

1. e4 e6 2. d3 d5 3. Qe2 Nf6 4. e5 Nfd7 5. f4 c5 6. Nf3 Nc6 7. g3 Be7 8. Bg2 O-O 9. O-O b5 10. Nc3 b4 11. Nd1 Qc7 12. Nf2 a5 13. Re1 Ra6 14. c4 bxc3 15. bxc3 Rb6 16. h4 f6 17. exf6 Nxf6 18. Ng5 Nd8 19. Bd2 h6 20. Nf3 Nf7 21. Rab1 Rxb1 22. Rxb1 Bd6 23. Re1 Qd7 24. Ne5 Qa4 25. Bc1 Bc7 26. Bh3 Nxe5 27. fxe5 Nh7 28. Bg4 Rf7 29. c4 dxc4 30. dxc4 Nf8 31. Bf4 Bb7 32. h5 Rd7 33. Ne4 Bxe4 34. Qxe4 Qxa2 35. Be3 Qb3 36. Kh2 Qb2+ 37. Kh3 Qxe5 38. Qxe5 Bxe5 39. Bxc5 Bd4 40. Ba3 Rc7 41. Rf1 Bc5 42. Bb2 Rb7 43. Bc3 a4 44. Bd1 Rb1 45. Kg2 Rc1 46. Bd2 Rxc4 47. Rf4 Rxf4 48. gxf4 a3 49. Bb3 Kf7 50. Kf3 Nh7 51. Bc3 Nf6 52. f5 Nxh5 53. Bxe6+ Ke7 54. Bb3 Nf6 55. Be5 Bd6 56. Bd4 Kd7 57. Ba4+ Ke7 58. Bb5 Bb4 59. Bc4 Kd6 60. Bb3 Bd2 61. Ke2 Bc1 62. Kd3 Bb2 63. Ba7 Ke5 64. Be6 Kf4 65. Be3+ Kf3 66. Bc5 h5 67. Bf8 h4 68. Bxg7 h3 69. Bxf6 Bxf6 70. Kc2 h2 71. Kb3 Kf2 72. Bd5 Be7 73. f6 Bd6 0-1

[Event "EU-ch 2nd playoff g15'"]
[Site "Ohrid"]
[Date "2001.06.15"]
[Round "2.1"]
[White "Iordachescu, Viorel"]
[Black "Atalik, Suat"]
[Result "0-1"]
[WhiteElo "2589"]
[BlackElo "2537"]
[PlyCount "106"]
[EventDate "2001.06.15"]
[Source "ChessBase"]
[SourceDate "2001.09.13"]

1. e4 e6 2. d3 d5 3. Nd2 Nf6 4. Ngf3 a5 5. c3 dxe4 6. dxe4 Nc6 7. Bb5 Bd7 8. Qe2 Be7 9. O-O O-O 10. e5 Nd5 11. Ne4 a4 12. Rd1 Qe8 13. c4 Ndb4 14. Bg5 h6 15. Bxe7 Qxe7 16. Ng3 a3 17. Nh5 axb2 18. Qxb2 Rfd8 19. a3 Na6 20. h4 Nc5 21. Qc3 Nb8 22. Bxd7 Nbxd7 23. Rd4 g6 24. Rg4 Kh8 25. Nf6 h5 26. Rf4 Nxf6 27. exf6 Qf8 28. Ng5 Rd3 29. Qe5 Rd7 30. Rf3 Rad8 31. Rf1 Kg8 32. Rg3 Qd6 33. Qe3 Qd4 34. Qxd4 Rxd4 35. Re1 Rxh4 36. Rc1 Rf4 37. Rf3 Rf5 38. Rxf5 gxf5 39. Rc3 Rd1+ 40. Kh2 Nd7 41. Rg3 Nxf6 42. Rb3 b6 43. c5 bxc5 44. Rb7 Rd2 45. f3 Nd5 46. Rb8+ Kg7 47. Rd8 c4 48. Ra8 Kf6 49. Nh7+ Ke7 50. Ng5 c3 51. Ra4 c2 52. Rc4 Rxg2+ 53. Kh3 Rxg5 0-1

[Event "2nd IECC Playoff g/5, Ohrid MKD (2.3)"]
[Site "?"]
[Date "2001.??.??"]
[Round "?"]
[White "Iordachescu, V."]
[Black "Atalik, S."]
[Result "0-1"]
[WhiteElo "2585"]
[BlackElo "2535"]
[PlyCount "149"]
[EventDate "2001.??.??"]
[Source "www.chesslib.no"]
[SourceDate "2004.05.04"]

1. e4 e6 2. d3 d5 3. Nd2 c5 4. Ngf3 Bd6 5. g3 Ne7 6. Bg2 Nbc6 7. O-O Bc7 8. Re1 d4 9. e5 b6 10. a4 Bb7 11. Nc4 Qd7 12. h4 h6 13. Bd2 Nd5 14. Qe2 a6 15. c3 dxc3 16. bxc3 O-O 17. Rab1 Rab8 18. Nh2 Ba8 19. Qg4 Nde7 20. Be4 Nf5 21. Bf4 b5 22. axb5 axb5 23. Ne3 Nce7 24. Rbd1 b4 25. Bxa8 Rxa8 26. d4 bxc3 27. d5 c2 28. Nxc2 Nxd5 29. Ne3 Ndxe3 30. fxe3 Qc6 31. e4 h5 32. Qxh5 Nd4 33. Ng4 Bd8 34. Re3 f5 35. exf6 Bxf6 36. Nxf6+ Rxf6 37. Be5 Rf7 38. Qg4 Raf8 39. Kg2 Qb7 40. Kh3 Qb2 41. Qg6 Qf2 42. Bxd4 cxd4 43. Red3 e5 44. Qe6 Qf6 45. Qg4 Kh7 46. Ra3 Qg6 47. Qxg6+ Kxg6 48. Ra5 Re7 49. Kg4 Rf2 50. Rb1 Re2 51. Rb6+ Kh7 52. Kf5 Rf2+ 53. Kg5 Re2 54. g4 Rxe4 55. h5 Rf7 56. Rg6 d3 57. Rd5 Re3 58. h6 Rh3 59. Rdd6 gxh6+ 60. Rxh6+ Rxh6 61. Rxh6+ Kg7 62. Rg6+ Kh7 63. Rh6+ Kg7 64. Rg6+ Kh7 65. Re6 Rd7 66. Rxe5 d2 67. Re6 d1=Q 68. Re5 Qd5 69. Rxd5 Rxd5+ 70. Kf6 Ra5 71. g5 Ra6+ 72. Kf5 Kg7 73. Kf4 Kg6 74. Kg4 Ra4+ 75. Kf3 0-1

[Event "It (Open) INT"]
[Site "?"]
[Date "2006.05.06"]
[Round "?"]
[White "Savchenko Boris"]
[Black "Drozdovskij Yuri"]
[Result "0-1"]
[WhiteElo "2568"]
[BlackElo "2550"]
[PlyCount "64"]
[EventDate "2006.??.??"]
[Source "www.chesslib.no"]
[SourceDate "2004.05.04"]

1. e4 e6 2. d3 d5 3. Nd2 Nf6 4. Ngf3 Nc6 5. g3 dxe4 6. dxe4 e5 7. Bg2 Bc5 8. O-O O-O 9. c3 a5 10. Qe2 b6 11. Rd1 Ba6 12. Nc4 Bxc4 13. Qe1 Qe7 14. b3 Ba6 15. Nh4 g6 16. Bg5 Rfd8 17. h3 Kg7 18. a3 h6 19. Bd2 Bxa3 20. Qe3 Rh8 21. g4 Rad8 22. g5 hxg5 23. Qxg5 Kf8 24. Rxa3 Rh5 25. Nxg6+ fxg6 26. Qxg6 Qg7 27. Qxg7+ Kxg7 28. Bf3 Rxh3 29. Kg2 Rhh8 30. Raa1 Kf7 31. Kg1 Rdg8+ 32. Bg2 Be2 0-1

[Event "Quebec Open"]
[Site "Montreal CAN"]
[Date "2007.07.27"]
[Round "8"]
[White "Shomoev, A."]
[Black "Rychagov, A."]
[Result "1/2-1/2"]
[WhiteElo "2561"]
[BlackElo "2557"]
[PlyCount "61"]
[EventDate "2007.07.20"]
[Source "www.chesslib.no"]
[SourceDate "2004.05.04"]

1. e4 e6 2. d3 d5 3. Nd2 Nf6 4. Ngf3 Nc6 5. c3 a5 6. Be2 e5 7. O-O Be7 8. b3 O-O 9. a3 Re8 10. Bb2 Bf8 11. Re1 Bg4 12. Qc2 Qd7 13. Rad1 Rad8 14. b4 axb4 15. axb4 Qc8 16. Ra1 Nb8 17. Bf1 Nbd7 18. h3 Bh5 19. Qb3 c6 20. c4 dxe4 21. dxe4 c5 22. b5 Bd6 23. Nh4 Nf8 24. Nf5 Bb8 25. Bc3 Bg6 26. g4 Ne6 27. Bg2 h5 28. f3 Bxf5 29. exf5 Nd4 30. Qb1 e4 31. Bxd4 1/2-1/2

[Event "XXVIII Open internazionale"]
[Site "Benasque SPA"]
[Date "2008.07.11"]
[Round "9"]
[White "STRIKOVIC, Aleksa"]
[Black "RODSHTEIN, Maxim"]
[Result "1-0"]
[WhiteElo "2512"]
[BlackElo "2605"]
[PlyCount "61"]
[EventDate "2008.07.03"]
[Source "www.chesslib.no"]
[SourceDate "2004.05.04"]

1. e4 e6 2. d3 d5 3. Qe2 Nc6 4. Nf3 e5 5. c3 Bg4 6. b4 Nf6 7. Nbd2 Bd6 8. h3 Be6 9. Bb2 O-O 10. g3 a5 11. exd5 Bxd5 12. b5 Na7 13. c4 Bxf3 14. Qxf3 c6 15. a4 Bc5 16. Bg2 Bd4 17. Bxd4 Qxd4 18. O-O Rad8 19. Nb3 Qc3 20. d4 Qxc4 21. dxe5 Rd3 22. Nxa5 Qc3 23. Qf5 g6 24. Qxf6 Qxa5 25. e6 fxe6 26. Qxe6+ Rf7 27. Rad1 Rxd1 28. Rxd1 Qxa4 29. Rd8+ Kg7 30. Qe5+ Kh6 31. Rd4 1-0

[Event "Narciso Yepes, Lorca ESP"]
[Site "?"]
[Date "2001.??.??"]
[Round "9"]
[White "Strikovic, A."]
[Black "Rustemov, A."]
[Result "1/2-1/2"]
[WhiteElo "2490"]
[BlackElo "2625"]
[PlyCount "50"]
[EventDate "2001.??.??"]
[Source "www.chesslib.no"]
[SourceDate "2004.05.04"]

1. e4 e6 2. d3 d5 3. Qe2 Nc6 4. Nf3 e5 5. g3 dxe4 6. dxe4 Nf6 7. Bg2 Bc5 8. O-O O-O 9. c3 a5 10. Nbd2 b6 11. Nc4 Ba6 12. Nfd2 Qe7 13. Qf3 Qe6 14. b3 Rad8 15. a4 Rd7 16. Qe2 Rfd8 17. Nf3 h6 18. Bb2 Bxc4 19. bxc4 Rd6 20. h3 Ne7 21. Rfe1 g5 22. Bc1 Ng6 23. Bf1 Kg7 24. Kg2 Rg8 25. Nd2 Nd7 1/2-1/2

[Event "Mind Sports Games - Blitz Ind KO"]
[Site "Pechino CINA"]
[Date "2008.10.05"]
[Round "1.1"]
[White "Paragua, M."]
[Black "Drozdovskij, Y."]
[Result "0-1"]
[WhiteElo "2526"]
[BlackElo "2587"]
[PlyCount "74"]
[EventDate "2008.10.04"]
[Source "www.chesslib.no"]
[SourceDate "2004.05.04"]

1. e4 e6 2. d3 d5 3. Qe2 Nf6 4. Nf3 Be7 5. g3 b5 6. Bg2 b4 7. e5 Nfd7 8. O-O c5 9. a3 Nc6 10. axb4 cxb4 11. Nbd2 a5 12. Nb3 Qc7 13. Bf4 O-O 14. h4 a4 15. Nbd4 Nxd4 16. Nxd4 Qb6 17. Nf3 a3 18. bxa3 bxa3 19. h5 h6 20. Rfb1 Qc7 21. Nd4 Qc5 22. Be3 Qc7 23. f4 Ba6 24. Qg4 Bc5 25. Qe2 Rfb8 26. c3 Be7 27. c4 Rxb1+ 28. Rxb1 Rb8 29. Nb5 Bxb5 30. cxb5 Qa5 31. f5 Qc3 32. fxe6 fxe6 33. Qg4 a2 34. Qxe6+ Kh8 35. Rf1 a1=Q 36. Rxa1 Qxa1+ 37. Kh2 Qxe5 0-1

[Event "EUCup 17th"]
[Site "Panormo"]
[Date "2001.09.24"]
[Round "2"]
[White "Komliakov, Viktor"]
[Black "Lastin, Alexander"]
[Result "1/2-1/2"]
[WhiteElo "2484"]
[BlackElo "2628"]
[PlyCount "38"]
[EventDate "2001.09.22"]
[Source "ChessBase"]
[SourceDate "2001.10.26"]

1. e4 e6 2. d3 d5 3. Nd2 Nf6 4. Ngf3 b6 5. c3 c5 6. Qa4+ Qd7 7. Qxd7+ Nfxd7 8. exd5 exd5 9. d4 Be7 10. Be2 Nc6 11. Nf1 O-O 12. Ne3 cxd4 13. Nxd4 Nxd4 14. cxd4 Nf6 15. Bd2 Rd8 16. f3 g6 17. Kf2 Bb7 18. Rac1 Rac8 19. Rxc8 Rxc8 1/2-1/2

[Event "BEL-chT 9697"]
[Site "BEL"]
[Date "1997.03.16"]
[Round "11"]
[White "Motwani, Paul"]
[Black "Glek, Igor V"]
[Result "0-1"]
[WhiteElo "2490"]
[BlackElo "2620"]
[PlyCount "98"]
[EventDate "1996.??.??"]
[Source "ChessBase"]

1. e4 e6 2. d3 d5 3. Qe2 Nc6 4. Nf3 Nf6 5. g3 dxe4 6. dxe4 Bc5 7. Bg2 e5 8. O-O O-O 9. Nbd2 b6 10. Nb3 Bd6 11. Be3 a5 12. Nc1 Ba6 13. Nd3 Nd7 14. Nh4 g6 15. Rfd1 Qe7 16. Nf3 Nb4 17. a3 Nxd3 18. cxd3 c5 19. h4 Nb8 20. h5 Nc6 21. Bh3 f5 22. Bg5 Qg7 23. hxg6 hxg6 24. Qd2 Rf7 25. Bh6 Qh7 26. exf5 gxf5 27. Qg5+ Kh8 28. Qh4 Be7 29. Ng5 Bxg5 30. Bxg5 Qxh4 31. Bxh4 Nd4 32. Bg2 Bb7 33. Bxb7 Rxb7 34. Kg2 Kg7 35. Rac1 Kg6 36. Re1 Re8 37. f4 Rd7 38. fxe5 Nc6 39. Re3 Rxe5 40. Rce1 Rdd5 41. Kf3 Kf7 42. Kf2 a4 43. Bg5 Rxe3 44. Kxe3 Ne5 45. Rd1 c4 46. d4 Nd3 47. Rd2 Rb5 48. Rh2 Rb3 49. Rh6 Nc5+ 0-1

[Event "Altensteig"]
[Site "Altensteig"]
[Date "1995.??.??"]
[Round "6"]
[White "Hracek, Zbynek"]
[Black "Zueger, Beat"]
[Result "1-0"]
[WhiteElo "2635"]
[BlackElo "2470"]
[PlyCount "141"]
[EventDate "1995.08.??"]
[Source "ChessBase"]

1. e4 e6 2. d3 d5 3. Nd2 Nf6 4. Ngf3 b6 5. g3 dxe4 6. dxe4 Bb7 7. Qe2 Nc6 8. c3 a5 9. Nc4 Bc5 10. Bg5 h6 11. Rd1 Qe7 12. Bxf6 gxf6 13. Bg2 O-O 14. O-O Rad8 15. e5 Ba6 16. exf6 Qxf6 17. Nfd2 Ne7 18. h4 Nf5 19. Ne4 Qg7 20. Nxc5 bxc5 21. Rxd8 Rxd8 22. Rc1 Nd6 23. b3 a4 24. Qd2 axb3 25. axb3 Bxc4 26. bxc4 Qf6 27. Qe2 Kg7 28. Qh5 Qf5 29. Qe2 Rb8 30. Bf1 Rb3 31. Qe3 Rb2 32. Bd3 Qh5 33. Ra1 Rb8 34. Kg2 Nf5 35. Qe5+ Kg8 36. Qxc7 Rf8 37. Ra5 Qg4 38. Bxf5 Qxf5 39. Qxc5 Qe4+ 40. Kh2 Rd8 41. Ra1 Rd2 42. Rc1 Kg7 43. Kg1 Rd3 44. Qc7 e5 45. c5 h5 46. Rf1 Rxc3 47. Qe7 Qf5 48. Qd6 Rd3 49. Qc7 Rd2 50. Qb6 Rc2 51. Qb1 Kg6 52. Qd1 Kg7 53. Qd5 Qf6 54. Kg2 Kg8 55. Qd1 Qf5 56. Qd6 Kg7 57. Kg1 Qf6 58. Qd5 Kg8 59. Qa8+ Kg7 60. Qa3 Qf5 61. Qe3 f6 62. Rc1 Qd7 63. Kh2 Rxc1 64. Qxc1 Qc6 65. Qc3 Kf8 66. Qb4 Qf3 67. c6+ Ke8 68. Qc5 Kd8 69. Qd6+ Ke8 70. Qd7+ Kf8 71. Kg1 1-0